000 00640nam a2200229 4500
001 260
003 OSt
005 20250224143504.0
008 250224b |||||||g |||| 00| 0 eng d
040 _bpor
041 _hpor
082 _a352.16
_bH673
245 _aHistórico Ibiá - MG/
260 _aIbiá
_bPrefeitura Municipal de Ibiá
300 _a15 p.
_bil.
520 _aA revista Histórico Ibiá - MG, apresenta todo o histórico do município desde a sua formação
650 0 _aMunicípio de Ibiá
_9476
650 0 _aHistória
_9116
650 0 _aTradições e Costumes
_9478
655 0 _aRevista
_9475
942 _2ddc
_n0
_cBK
999 _c260
_d260